| 000 | 02372cam a22005294i 4500 | ||
|---|---|---|---|
| 003 | PE-LiUPU | ||
| 005 | 20250731180137.0 | ||
| 008 | 150616s r 000 0 d | ||
| 035 | _a(Sirsi) a4347 | ||
| 040 |
_aPE-LiUPU _bspa _cPE-LiUPU _erda |
||
| 049 | _aPRUA | ||
| 082 | 0 | 4 |
_a526.98 _bD32 _221 |
| 100 | 1 |
_aDavis, Raymond E., _eautor. |
|
| 245 | 1 | 0 | _aTopografía elemental. |
| 264 | 1 |
_aMéxico D.F. : _bCompañía Editora Contienetal, _c1971. |
|
| 300 |
_a648 páginas : _bilustraciones tablas, cuadros, gráfs., fotos, dibjs. ; _c23 cm. |
||
| 336 |
_atext _2rdacontent |
||
| 337 |
_aunmediated _2rdamedia |
||
| 338 |
_avolume _2rdacarrier |
||
| 504 | _anotas bibliográficas. | ||
| 505 | 0 | _aConceptos; trabajos de campo -- Los errores -- La medida de las distancias; con cinta -- Nivelación: métodos e instrumentos -- Nivelación diferencial -- Perfiles; secciones transversales y rasantes -- Construcción de perfiles y secciones transversales; cubicación de terracerías -- Angulos y direcciones; la brújula -- El tránsito -- Levantamientos con tránsito y cinta -- Levantamientos con la estadia -- Triángulos de precisión ordinaria -- Levantamientos con la plancheta -- El dibujo topográfico -- Construcción de los planos -- Agrimensura -- Astronomía práctica: latitud y azimut -- Planometría -- Planos topográficos -- Levantamientos topográficos -- Topografía de ruta -- Aplicaciones de la topografía a la construcción -- Levantamientos fotogramétricos. | |
| 526 | _aSEG44 | ||
| 526 | _aSEG26 | ||
| 526 | _aP159 | ||
| 526 | _aP155 | ||
| 526 | _aP154 | ||
| 526 | _aP153 | ||
| 526 | _aP150 | ||
| 526 | _aP100 | ||
| 526 | _aP31 | ||
| 526 | _aP30 | ||
| 526 | _aP26 | ||
| 526 | _aP25 | ||
| 526 | _aP24 | ||
| 526 | _aP22 | ||
| 526 | _aP15 | ||
| 526 | _aP10 | ||
| 650 | 0 | 4 | _aTOPOGRAFIA. |
| 700 | 1 | _aJoe W. Kelly. | |
| 910 |
_ajck _bjvq _cjck |
||
| 942 |
_2ddc _cBOOK |
||
| 949 |
_a526.98 D32 _wDEWEY _c1 _i31366 _lCCODEBUL1 _mBUL _p00.00 _r0 _sY _tBOOK _u19910103 _xEDUCACION _PP20 _0COMPRA _o.STAFF. Colección General |
||
| 994 |
_aC0 _bPEPRU |
||
| 596 | _a1 | ||
| 999 |
_a526.98 D32 _wDEWEY _c48568 _i31366 _d48568 _e2015-11-11 _f2021-11-5 _g5 _lCCODEBUL1 _mBUL _n2 _r0 _sY _tBOOK _u2015-6-16 _xBIBLIOTECA _PP20 _0COMPRA _o.STAFF. Colección General |
||
| 980 |
_81 _gALBERTO SANCHEZ Responsable de Automatización |
||